<?xml version="1.0" encoding="UTF-8"?><?xml-stylesheet type="text/xsl" href="static/style.xsl"?><OAI-PMH xmlns="http://www.openarchives.org/OAI/2.0/" xmlns:xsi="http://www.w3.org/2001/XMLSchema-instance" xsi:schemaLocation="http://www.openarchives.org/OAI/2.0/ http://www.openarchives.org/OAI/2.0/OAI-PMH.xsd"><responseDate>2026-04-17T03:30:09Z</responseDate><request verb="GetRecord" identifier="oai:www.recercat.cat:2117/189428" metadataPrefix="marc">https://recercat.cat/oai/request</request><GetRecord><record><header><identifier>oai:recercat.cat:2117/189428</identifier><datestamp>2025-07-22T21:18:45Z</datestamp><setSpec>com_2072_1033</setSpec><setSpec>col_2072_452951</setSpec></header><metadata><record xmlns="http://www.loc.gov/MARC21/slim" xmlns:dcterms="http://purl.org/dc/terms/" xmlns:xsi="http://www.w3.org/2001/XMLSchema-instance" xmlns:doc="http://www.lyncode.com/xoai" xsi:schemaLocation="http://www.loc.gov/MARC21/slim http://www.loc.gov/standards/marcxml/schema/MARC21slim.xsd">
   <leader>00925njm 22002777a 4500</leader>
   <datafield ind2=" " ind1=" " tag="042">
      <subfield code="a">dc</subfield>
   </datafield>
   <datafield ind2=" " ind1=" " tag="720">
      <subfield code="a">Cufí Prat, Francesca</subfield>
      <subfield code="e">author</subfield>
   </datafield>
   <datafield ind2=" " ind1=" " tag="260">
      <subfield code="c">2016-04</subfield>
   </datafield>
   <datafield ind2=" " ind1=" " tag="520">
      <subfield code="a">The visualization of the internal flow field in a mini-channel rig and their validation by CFD numerical comparison</subfield>
   </datafield>
   <datafield ind2=" " ind1=" " tag="520">
      <subfield code="a">In the last decades there has been a growing interest to develop mi-croscale devices that can manipulate and transport relatively small volumes of ﬂuids. These devices have applications in many areas of engineering, including nanotechnology devices, propulsion and power generation of micro-satellites, inkjet printer heads and bioanalytical instruments. Flow behaviour in these small domains can be often counterintuitive because of the low Reynolds number or the relative importance of surface forces. The surge of microﬂuidic devices has created a need of diagnostic tools with spatial resolution on the order of several microns and lower. The current study has been motivated by the need to provide more information about ﬂows in micro and mini scales. It is specially re-markable the lack of studies related to ﬂows inside channels of cross sections in the order of 1mm2 and high roughness. The majority of the studies use devices with smooth surfaces with a roughness below 1µm. By visualizing and analysing the ﬂow in a 1mm2 squared sec-tion channel of a roughness on the order of 10 µm this study brings the opportunity to present useful information not currently available, information that, moreover, is closer to industrial applications. This document has two main parts. Regarding those interested in microPIV it is ﬁrst explained the main aspects of microPIV method-ology with the aim to provide a simple but eﬀective guide and to avoid spending so much time compiling the information spread throughout documents. The second main part contains the experimental study itself, divided with several sections which sequentially discuss all as-pects related to the experimental setup, data preprocessing, analysis, postprocessing and validation by analytical equations. Finally, some improvements and further studies are proposed.</subfield>
   </datafield>
   <datafield tag="653" ind2=" " ind1=" ">
      <subfield code="a">Àrees temàtiques de la UPC::Enginyeria mecànica::Mecànica de fluids</subfield>
   </datafield>
   <datafield tag="653" ind2=" " ind1=" ">
      <subfield code="a">Particle image velocimetry</subfield>
   </datafield>
   <datafield tag="653" ind2=" " ind1=" ">
      <subfield code="a">Microtechnology</subfield>
   </datafield>
   <datafield tag="653" ind2=" " ind1=" ">
      <subfield code="a">Fluid dynamics</subfield>
   </datafield>
   <datafield tag="653" ind2=" " ind1=" ">
      <subfield code="a">Microtecnologia</subfield>
   </datafield>
   <datafield tag="653" ind2=" " ind1=" ">
      <subfield code="a">Dinàmica de fluids</subfield>
   </datafield>
   <datafield ind2="0" ind1="0" tag="245">
      <subfield code="a">Flow characterization study of straight minichannel devices using microPIV</subfield>
   </datafield>
</record></metadata></record></GetRecord></OAI-PMH>